World Countries Alphabetically by Second Letter - Statistics

General Stats
  • This quiz has been taken 16 times
  • The average score is 64 of 196
Answers on the Map
Answers color-coded by a green-red scale on the quiz's map according to % correct below.
 
Answer Stats
Country % Correct
Bahamas
100%
Bahrain
82%
Bangladesh
73%
Barbados
73%
Canada
64%
Cambodia
55%
Cameroon
55%
Cape Verde
45%
East Timor
45%
Gabon
45%
Gambia
45%
Germany
45%
Japan
45%
Afghanistan
36%
Albania
36%
Belize
36%
Benin
36%
Bhutan
36%
Bolivia
36%
Botswana
36%
Chile
36%
China
36%
Colombia
36%
Costa Rica
36%
Democratic Republic of the Congo
36%
Denmark
36%
Dominica
36%
Dominican Republic
36%
Ecuador
36%
El Salvador
36%
Federated States of Micronesia
36%
Fiji
36%
Finland
36%
Georgia
36%
Haiti
36%
Iceland
36%
India
36%
Indonesia
36%
Jamaica
36%
Jordan
36%
Kazakhstan
36%
Kenya
36%
Kiribati
36%
Kosovo
36%
Laos
36%
Latvia
36%
Lesotho
36%
Lithuania
36%
Madagascar
36%
Malawi
36%
Malaysia
36%
Mali
36%
Malta
36%
Marshall Islands
36%
Mexico
36%
Mongolia
36%
Morocco
36%
Mozambique
36%
Nauru
36%
Nepal
36%
New Zealand
36%
Nicaragua
36%
North Korea
36%
North Macedonia
36%
Norway
36%
Oman
36%
Pakistan
36%
Palau
36%
Panama
36%
Papua New Guinea
36%
Paraguay
36%
Peru
36%
Philippines
36%
Portugal
36%
Qatar
36%
Republic of the Congo
36%
Saint Kitts and Nevis
36%
Saint Lucia
36%
Saint Vincent and the Grenadines
36%
Samoa
36%
Senegal
36%
Serbia
36%
Slovakia
36%
Slovenia
36%
Solomon Islands
36%
Somalia
36%
Taiwan
36%
Tajikistan
36%
Tanzania
36%
Thailand
36%
Uganda
36%
United Arab Emirates
36%
United Kingdom
36%
United States
36%
Vanuatu
36%
Vatican City
36%
Venezuela
36%
Vietnam
36%
Yemen
36%
Zambia
36%
Zimbabwe
36%
Algeria
27%
Angola
27%
Antigua and Barbuda
27%
Argentina
27%
Armenia
27%
Australia
27%
Austria
27%
Azerbaijan
27%
Belarus
27%
Belgium
27%
Bosnia and Herzegovina
27%
Brazil
27%
Burundi
27%
Chad
27%
Comoros
27%
Croatia
27%
Cuba
27%
Cyprus
27%
Central African Republic
27%
São Tomé and Príncipe
27%
Estonia
27%
France
27%
Ghana
27%
Greece
27%
Grenada
27%
Guatemala
27%
Guinea
27%
Guinea-Bissau
27%
Guyana
27%
Honduras
27%
Hungary
27%
Iran
27%
Iraq
27%
Ireland
27%
Israel
27%
Italy
27%
Ivory Coast
27%
Kuwait
27%
Kyrgyzstan
27%
Lebanon
27%
Liberia
27%
Libya
27%
Liechtenstein
27%
Maldives
27%
Mauritania
27%
Mauritius
27%
Moldova
27%
Monaco
27%
Montenegro
27%
Myanmar
27%
Namibia
27%
Netherlands
27%
Poland
27%
Romania
27%
Russia
27%
Rwanda
27%
San Marino
27%
Saudi Arabia
27%
Seychelles
27%
Sierra Leone
27%
South Africa
27%
South Korea
27%
South Sudan
27%
Spain
27%
Sri Lanka
27%
Suriname
27%
Sweden
27%
Switzerland
27%
Syria
27%
Tonga
27%
Trinidad and Tobago
27%
Turkey
27%
Turkmenistan
27%
Tuvalu
27%
Ukraine
27%
Uruguay
27%
Uzbekistan
27%
Andorra
18%
Bulgaria
18%
Burkina Faso
18%
Czech Republic
18%
Djibouti
18%
Egypt
18%
Eritrea
18%
Ethiopia
18%
Luxembourg
18%
Niger
18%
Nigeria
18%
Singapore
18%
Sudan
18%
Togo
18%
Tunisia
18%
Brunei
9%
Equatorial Guinea
9%
Eswatini
9%
No matching quizzes found
Score Distribution
Percent of People with Each Score
Percentile by Number Answered
Your Score History
You have not taken this quiz